|
|
|
|
| LEADER |
01085pam a22002778a 4500 |
| 001 |
00022495 |
| 005 |
20171026081022.0 |
| 008 |
110530s1987 ||||||Viesd |
| 041 |
0 |
# |
|a Vie
|
| 082 |
1 |
4 |
|a 571.2
|b S312L
|
| 100 |
0 |
# |
|a Phạm Đình Thái
|
| 245 |
0 |
0 |
|a Sinh lí học thực vật
|c Phạm Đình Thái; Nguyễn Duy Minh, Nguyễn Lượng Hùng
|n Tập 2
|
| 260 |
# |
# |
|a H.
|b Giáo dục
|c 1987
|
| 300 |
# |
# |
|a 152 tr.
|c 27 cm.
|
| 500 |
# |
# |
|a ĐTTS: Sách đại học sư phạm
|
| 653 |
# |
# |
|a Nông nghiệp
|
| 653 |
# |
# |
|a Sinh lý học
|
| 653 |
# |
# |
|a Thực vật
|
| 700 |
0 |
# |
|a Nguyễn Duy Minh
|
| 700 |
0 |
# |
|a Nguyễn Lượng Hùng
|
| 852 |
# |
# |
|b Kho giáo trình
|j KGT.0007935, KGT.0007936, KGT.0007937, KGT.0007938, KGT.0032888
|
| 852 |
# |
# |
|b Kho mượn
|j KGT.0007935
|
| 852 |
# |
# |
|b Kho đọc
|j KD.0007673
|
| 852 |
# |
# |
|j KD.0007673
|j KGT.0007936
|j KGT.0007937
|j KGT.0032888
|j KGT.0049203
|j KGT.0007935
|j KGT.0007938
|
| 910 |
0 |
# |
|a ngọc
|d 30/05/2011
|
| 980 |
# |
# |
|a Trung tâm Học liệu Lê Vũ Hùng, Trường Đại học Đồng Tháp
|